|
|
|
|
| LEADER |
00000cam a22000007a 4500 |
| 001 |
26767 |
| 003 |
CZ-ZlUTB |
| 005 |
20190825235117.0 |
| 008 |
060629s2004 xr |||||r|||||||||||cze|d |
| 020 |
|
|
|a 8001030059
|q (brož.)
|
| 040 |
|
|
|a ABA001
|b cze
|c ABA001
|d ZLD002
|
| 072 |
|
7 |
|a 629
|x Dopravní prostředky
|2 Konspekt
|9 19
|
| 080 |
|
|
|a 621.82/.85
|2 v
|
| 080 |
|
|
|a 629.33
|2 v
|
| 100 |
1 |
|
|a Svoboda, Jiří,
|d 1941 únor 27.-
|7 ntka174099
|4 aut
|
| 245 |
1 |
0 |
|a Teorie dopravních prostředků :
|b vozidla silniční a terénní
|
| 250 |
|
|
|a Vyd. 4., přeprac.
|
| 260 |
|
|
|a Praha :
|b Vydavatelství ČVUT,
|c 2004
|
| 300 |
|
|
|a 213 s. :
|b il. ;
|c 30 cm
|
| 500 |
|
|
|a 200 výt
|
| 500 |
|
|
|a Na obálce nad názvem: České vysoké učení technické v Praze, Fakulta strojní
|
| 504 |
|
|
|a Obsahuje bibliografii
|
| 650 |
0 |
4 |
|a Dopravní prostředky
|
| 650 |
0 |
7 |
|a dynamika
|7 ph119661
|2 czenas
|
| 650 |
0 |
4 |
|a Obecná mechanika. Mechanika pevných a tuhých těles
|
| 650 |
0 |
7 |
|a pohony
|7 ph137028
|2 czenas
|
| 650 |
0 |
7 |
|a terénní vozidla
|7 ph116441
|2 czenas
|
| 655 |
|
7 |
|a vysokoškolská skripta
|7 fd190824
|2 czenas
|
| 655 |
|
7 |
|a učebnice vysokých škol
|7 fd133772
|2 czenas
|
| 710 |
2 |
|
|a České vysoké učení technické v Praze.
|b Strojní fakulta
|
| 910 |
|
|
|a ZLD002
|
| 952 |
|
|
|0 0
|1 0
|4 0
|6 S656SVOBODAJ
|7 0
|8 BOOK
|9 53818
|a UTBZL
|b UTBZL
|c 006
|d 2006-07-29
|l 3
|o S656/SVOBODA,J.
|p 420010101383
|r 2019-08-25 00:00:00
|v 185.00
|w 2019-08-25
|x N:nákup | 20100831
|y 04
|
| 952 |
|
|
|0 0
|1 0
|4 0
|6 S656SVOBODAJ
|7 0
|8 BOOK
|9 53819
|a UTBZL
|b UTBZL
|c 030
|d 2007-05-02
|l 1
|o S656/SVOBODA,J.
|p 420010107066
|r 2019-08-25 00:00:00
|v 213.00
|w 2019-08-25
|x N:nákup | 20100831
|y 05
|
| 952 |
|
|
|0 0
|1 0
|4 0
|6 S656SVOBODAJ
|7 0
|8 BOOK
|9 53820
|a UTBZL
|b UTBZL
|c 030
|d 2007-05-02
|l 0
|o S656/SVOBODA,J.
|p 420010107067
|r 2019-08-25 00:00:00
|v 213.00
|w 2019-08-25
|x N:nákup | 20100831
|y 05
|
| 992 |
|
|
|a BK
|b SK
|d 4
|
| 999 |
|
|
|c 26767
|d 26767
|